00872nam a22001337a 4500008004100000020001800041082001800059100004800077245005300125260006600178300003900244505036100283650009400644190601b xxu||||| |||| 00| 0 eng d a9789057790171 a759.93bT968m aStorr, Robert; Pirotte, Philipp; Hoet, Jan. aLuc Tuymans - MWANA KITOKO (Beautiful White Man) aBélgicabS.M.A.K. Stedelijk Museum voor Actuele Kunstc2001 a136 p.bill (col).c22.9 x 27.3 cm tPrefacerMinister of Culture Bert AnciauxtIntroduction rJan Hoet tA Worst Case Scenario rRobert StorrtBelgian Pavilion: floor plan / photo / images tMwana Kitoko (Beautiful white man) rPhilippe Pirotte (images from the series Mwana Kitoko)tTraduction des textes en françaistBiography and BibliographytList of Works tAcknowledgementstColophon  2Arte contemporáneo vPinturaxArte - bienalesyBienal de Venecia 2001zArte - Bélgica